Wheel of Time Capital to Nation Match - Statistics

General Stats
  • This quiz has been taken 75 times
  • The average score is 10 of 14
Answer Stats
Hint Answer % Correct
Illian Illian
96%
Caemlyn Andor
95%
Tear Tear
95%
Cairhien Cairhien
93%
Amador Amadicia
84%
Lugard Murandy
82%
Fal Moran Shienar
73%
Tanchico Tarabon
69%
Bandar Eban Arad Doman
67%
Jehannah Ghealdan
64%
Ebou Dar Altara
62%
Shol Arbela Arafel
58%
Chachin Kandor
58%
Maradon Saldaea
55%
No matching quizzes found
Score Distribution
Percent of People with Each Score
Percentile by Number Answered
Your Score History
You have not taken this quiz